000 00882nas a2200289 4500
001 BR2013010368
003 BR-BrBNA
005 20231205123438.0
007 ta
008 230509b bl.|||p| |||| 00| 00por d
040 _aBR-BrBNA
_bpor
_cBiblioteca Nacional de Agricultura
041 _a(Pt)
072 _aF01
100 1 _aSilva, F.C. da
100 1 _aSilva, F.M. da
100 1 _aSilva, A.C. da
100 1 _aBarros, M.M. de
100 1 _aPalma, M.A.Z.
245 1 _aDesempenho operacional da colheita mecanizada e seletiva do café em função da força de desprendimento dos frutos
650 _aCAFÉ
650 _aCOLHEITA MECÂNICA
650 _aMATURAÇÃO
650 _aCOLHEITA
773 0 _tCoffee Science (Brazil)
_xISSN 1809-6875
_g(Jan-Mar 2013), v. 8(1) p. 53-60
_wBR2013010368
909 _a202311
_bLúcia
_c55
_dLúcia Elande
942 _2AGRIS
_n0
_cANA
999 _c233907
_d233907